الخطاب القرآني : (رقم التسجيلة. 95688)

تفاصيل مارك
000 -الفاتح
عناصر البيانات ثابتة الطول 00801cam a2200205 i 4500
005 - تاريخ ووقت آخر معاملة
حقل ضبط 20251201085234.0
008 - عناصر البيانات ثابتة الطول
عناصر البيانات ثابتة الطول 250721s2005 jo gr 000 0 ara d
082 14 - رقم تصنيف ديوي العشري
رقم التصنيف 211.7
رقم المادة ع م و
100 1# - مدخل رئيسي – اسم شخصي
الاسم الشخصي العموش، خلود
علاقة الشخص بالعمل/ دوره مؤلف.
245 12 - بيان العنوان
العنوان الخطاب القرآني :
بقية العنوان دراسة في العلاقة بين النص والسياق (مثل من سورة البقرة) /
بيان المسؤولية د. خلود العموش.
250 ## - بيان الطبعة
بيان الطبعة الطبعة الأولى.
264 31 - بيانات النشر، التوزيع…إلخ
مكان النشر، التوزيع...إلخ إربد :
اسم الناشر، الموزع...إلخ عالم الكتب الحديث للنشر والتوزيع،
تاريخ النشر، التوزيع...إلخ 2005.
300 ## - الوصف المادي
عدد الوحدات المكونة للوعاء 516 صفحة.
650 17 - مدخل إضافي بالموضوع - مصطلح موضوعي
مصطلح موضوعي أو اسم جغرافي كعنصر مدخل القرآن الكريم.
650 17 - مدخل إضافي بالموضوع - مصطلح موضوعي
مصطلح موضوعي أو اسم جغرافي كعنصر مدخل فقه القرآن.
650 17 - مدخل إضافي بالموضوع - مصطلح موضوعي
مصطلح موضوعي أو اسم جغرافي كعنصر مدخل الآيات القرأنية.
650 17 - مدخل إضافي بالموضوع - مصطلح موضوعي
مصطلح موضوعي أو اسم جغرافي كعنصر مدخل إعجاز القرآن.
942 ## - بيانات إضافية (كوها)
نوع التنصيف Dewey Decimal Classification
نوع المادة (كوها) كتب
المقتنيات
حالة السحب حالة الفقدان مصدر التصنيف حالة التلف غير قابل للإعارة المكتبة الرئيسية المكتبة الحالية موقع الرف تاريخ التزويد الرقم المتسلسل Total Checkouts رقم الإستدعاء الباركود تاريخ آخر ظهور تاريخ الفاتورة نوع المادة (كوها)
    Dewey Decimal Classification     المكتبة المركزية المكتبة المركزية الإعارة 28/07/2025 871898   211.7 / ع م و 871898 28/07/2025 28/07/2025 كتب
    Dewey Decimal Classification   Not For Loan المكتبة المركزية المكتبة المركزية مقتنيات قسم التزويد 28/07/2025 871901   211.7/ عمو 871901 28/07/2025 28/07/2025 كتب
    Dewey Decimal Classification     مكتبة أبو علندا العامة مكتبة أبو علندا العامة الإعارة 28/07/2025 871916   211.7/ عمو 871916 28/07/2025 28/07/2025 كتب
    Dewey Decimal Classification     مكتبة أم قصير والمقابلين العامة مكتبة أم قصير والمقابلين العامة الإعارة 28/07/2025 871915   211.7/ عمو 871915 28/07/2025 28/07/2025 كتب
    Dewey Decimal Classification     مكتبة الاميرة بديعة مكتبة الاميرة بديعة الإعارة 28/07/2025 871910   211.7/ عمو 871910 28/07/2025 28/07/2025 كتب
    Dewey Decimal Classification     مكتبة البراءة للأطفال مكتبة البراءة للأطفال الإعارة 28/07/2025 871904   211.7/ عمو 871904 28/07/2025 28/07/2025 كتب
    Dewey Decimal Classification     مكتبة الجويدة مكتبة الجويدة الإعارة 28/07/2025 871911   211.7/ عمو 871911 28/07/2025 28/07/2025 كتب
    Dewey Decimal Classification     مكتبة الحسن العامة مكتبة الحسن العامة الإعارة 28/07/2025 871912   211.7/ عمو 871912 28/07/2025 28/07/2025 كتب
    Dewey Decimal Classification     مكتبة النصر العامة مكتبة النصر العامة الإعارة 28/07/2025 871903   211.7/ عمو 871903 28/07/2025 28/07/2025 كتب
    Dewey Decimal Classification     مكتبة حمزة العامة مكتبة حمزة العامة الإعارة 28/07/2025 871913   211.7/ عمو 871913 28/07/2025 28/07/2025 كتب
    Dewey Decimal Classification     مكتبة صويلح العامة مكتبة صويلح العامة الإعارة 28/07/2025 871908   211.7/ عمو 871908 28/07/2025 28/07/2025 كتب
    Dewey Decimal Classification     مكتبة عدن للأطفال مكتبة عدن للأطفال الإعارة 09/02/2025 1793078   211.7/ عمو PLD00514913 28/07/2025 09/02/2025 كتب
    Dewey Decimal Classification     مكتبة عدن للأطفال مكتبة عدن للأطفال الإعارة 12/02/2025 1793620   211.7/ عمو PLD00515548 28/07/2025 12/02/2025 كتب
    Dewey Decimal Classification     مكتبة وادي السير العامة مكتبة وادي السير العامة الإعارة 28/07/2025 871902   211.7/ عمو 871902 28/07/2025 28/07/2025 كتب
Implemented & Customized by: BBB with SCIT (Smart Chains for Information Technology)

Powered by Koha